Cap'n Jazz discography - Statistics

General Stats
  • This quiz has been taken 26 times
  • The average score is 25 of 34
Answer Stats
Analphabetapolothology % Correct
Bluegrass
100%
Bluegrassish
100%
Little League
100%
Oh Messy Life
100%
Puddle Splashers
100%
¡Que Suerte!
100%
Take on Me
100%
Basil's Kite
83%
Flashpoint: Catheter
83%
Ooh Do I Love You
83%
Ooh Do I Love You (Acoustic)
83%
Planet Shhh
83%
Precious
83%
The Sands've Turned Purple
83%
Tokyo
83%
We Are Scientists!
83%
Winter Wonderland
83%
AOK
67%
Easy Driver
67%
Forget Who We Are (Live)
67%
Geheim
67%
Hey Ma, Do I Hafta Choke on These
67%
In the Clear
67%
In the Clear
67%
Olerud (Live)
67%
Rocky Rococo
67%
Sergio Valente
67%
Theme to 90210
67%
Yes, I Am Talking to You
67%
Sea Tea
50%
No Use for a Piano Player When You Got a Player Piano
33%
Scary Kids Scaring Kids
33%
Troubled By Insects
33%
Soria
17%
No matching quizzes found
Score Distribution
Percent of People with Each Score
Percentile by Number Answered
Your Score History
You have not taken this quiz